[Event "Madrid-ch 2018-2019 - Previa A"]
[Site "Madrid ESP"]
[Date "2019.02.04"]
[Round "2.33"]
[White "Villodre Miranda, Juan Alonso"]
[Black "Suarez Mencia, Roberto"]
[Result "1-0"]
[WhiteElo "1603"]
[BlackElo "1388"]
[PlyCount "55"]
[EventDate "2019.02.04"]
[EventType "swiss"]
[EventRounds "9"]
[EventCountry "ESP"]
[SourceTitle "Ajedrez en Madrid"]
[Source "lmi"]
[SourceDate "2019.02.04"]
[SourceVersion "1"]
[SourceVersionDate "2019.02.22"]
[SourceQuality "1"]

1. c4 Nf6 2. Nc3 g6 3. e4 e5 4. g3 Bg7 5. Bg2 d6 6. d3 Nbd7 7. Nge2 c6 8. O-O
O-O 9. h3 a6 10. a4 Re8 11. Be3 c5 12. Rb1 Rb8 13. b4 b6 14. b5 a5 15. Qd2 Kh8
16. f4 Nf8 17. f5 Bd7 18. g4 Bc8 19. g5 Nh5 20. f6 Be6 21. fxg7+ Kxg7 22. Kh2
Rb7 23. Ng3 Qc8 24. Nxh5+ gxh5 25. h4 Ng6 26. Qf2 Kg8 27. Nd5 Bxd5 28. exd5 1-0

[Event "Madrid-ch 2018-2019 - Previa A"]
[Site "Madrid ESP"]
[Date "2019.02.04"]
[Round "2.34"]
[White "Sierra Garcia, Ricardo"]
[Black "Gortazar Rubial, Javier Maria"]
[Result "0-1"]
[WhiteElo "1371"]
[BlackElo "1601"]
[PlyCount "66"]
[EventDate "2019.02.04"]
[EventType "swiss"]
[EventRounds "9"]
[EventCountry "ESP"]
[SourceTitle "Ajedrez en Madrid"]
[Source "lmi"]
[SourceDate "2019.02.04"]
[SourceVersion "1"]
[SourceVersionDate "2019.02.22"]
[SourceQuality "1"]

1. e4 e5 2. Nf3 Nc6 3. Bb5 a6 4. Ba4 Nf6 5. O-O Be7 6. Re1 b5 7. Bb3 O-O 8. c3
d6 9. h3 Na5 10. Bc2 c5 11. d4 Qc7 12. Nbd2 Bb7 13. d5 c4 14. b4 cxb3 15. axb3
Qxc3 16. Ra2 Rac8 17. Re3 Qc7 18. Nb1 Ba8 19. Bd2 Nb7 20. Rc3 Qd7 21. Rxa6 Nc5
22. Ra2 Nfxe4 23. Bxe4 Nxe4 24. Rxc8 Rxc8 25. Be1 Qb7 26. Rc2 Nf6 27. Rxc8+
Qxc8 28. Bb4 Nxd5 29. Bd2 h6 30. Na3 Bc6 31. Qc2 Qd7 32. b4 Nf6 33. Qd3 e4 0-1

[Event "Madrid-ch 2018-2019 - Previa A"]
[Site "Madrid ESP"]
[Date "2019.02.04"]
[Round "2.35"]
[White "Martinez Martinez, Javier II"]
[Black "Abad Martin-Camuñas, Luis"]
[Result "1/2-1/2"]
[WhiteElo "1588"]
[BlackElo "1373"]
[PlyCount "144"]
[EventDate "2019.02.04"]
[EventType "swiss"]
[EventRounds "9"]
[EventCountry "ESP"]
[SourceTitle "Ajedrez en Madrid"]
[Source "lmi"]
[SourceDate "2019.02.04"]
[SourceVersion "1"]
[SourceVersionDate "2019.02.22"]
[SourceQuality "1"]

1. d4 f5 2. g3 Nf6 3. Bg2 c6 4. e3 d5 5. Ne2 e6 6. O-O Bd6 7. Nd2 O-O 8. c4 b6
9. cxd5 cxd5 10. Nc4 Qc7 11. Nxd6 Qxd6 12. Bd2 Nc6 13. a3 a5 14. Rc1 Bd7 15.
Nc3 Na7 16. e4 fxe4 17. Bf4 Qe7 18. Na4 Bxa4 19. Qxa4 Rfc8 20. Qd1 Rc6 21. Rxc6
Nxc6 22. Qd2 h6 23. Rc1 Qe8 24. Bf1 Ne7 25. Be2 Rc8 26. Bc7 Qa4 27. Bxb6 Rxc1+
28. Qxc1 Qc6 29. Qxc6 Nxc6 30. Bb5 Ne7 31. Bxa5 Nf5 32. Bc3 h5 33. Be2 g5 34.
b4 g4 35. b5 h4 36. b6 hxg3 37. fxg3 Nd7 38. b7 Nd6 39. Bxg4 Kf7 40. h4 Nxb7
41. Bh5+ Kg7 42. Kf2 Nf6 43. Be2 Nd6 44. a4 Nf5 45. h5 e3+ 46. Kg2 Ne4 47. Be1
Nxd4 48. Bd3 Ng5 49. Bc3 e5 50. Bxd4 exd4 51. a5 Ne6 52. a6 Nc7 53. Kf3 Kh6 54.
g4 Kg5 55. Kg3 Na8 56. Kf3 Nb6 57. a7 Na8 58. h6 Kxh6 59. Kf4 Nb6 60. g5+ Kg7
61. Kf5 Na8 62. Ke5 Nc7 63. Kxd4 Ne6+ 64. Kxd5 Nf4+ 65. Kc6 Nxd3 66. a8=Q e2
67. Qa7+ Kg6 68. Qe3 e1=Q 69. Qxd3+ Kxg5 70. Qd5+ Kf6 71. Qd8+ Qe7 72. Qh8+ Qg7
1/2-1/2

[Event "Madrid-ch 2018-2019 - Previa A"]
[Site "Madrid ESP"]
[Date "2019.02.04"]
[Round "2.36"]
[White "Cujba, Anca-Claudia"]
[Black "Diaz Del Prado, Carlos"]
[Result "1-0"]
[WhiteElo "1576"]
[BlackElo "1308"]
[PlyCount "115"]
[EventDate "2019.02.04"]
[EventType "swiss"]
[EventRounds "9"]
[EventCountry "ESP"]
[SourceTitle "Ajedrez en Madrid"]
[Source "lmi"]
[SourceDate "2019.02.04"]
[SourceVersion "1"]
[SourceVersionDate "2019.02.22"]
[SourceQuality "1"]

1. e4 e5 2. Nf3 Nf6 3. Nc3 Nc6 4. d4 exd4 5. Nd5 Nxe4 6. Qe2 f5 7. Ng5 Be7 8.
Nxe4 fxe4 9. Qxe4 O-O 10. Bc4 Kh8 11. O-O d6 12. Nxe7 Qxe7 13. Qxe7 Nxe7 14.
Bg5 Nc6 15. Rfe1 Bf5 16. Re2 Rae8 17. Rae1 Rxe2 18. Rxe2 Ne5 19. Bd5 c6 20. Be4
Bxe4 21. Rxe4 h6 22. Be7 Rf7 23. Bxd6 Nc4 24. Rxd4 b5 25. b3 Nb6 26. Kf1 Rd7
27. Bc5 Nd5 28. Ke1 a6 29. Kd2 Rf7 30. f3 Kh7 31. c4 Nf6 32. cxb5 axb5 33. Rd6
Rd7 34. Rxd7 Nxd7 35. Bd4 g6 36. Kc3 Kg8 37. Be3 h5 38. a4 Kf7 39. a5 Nb8 40.
Kd4 Ke6 41. h4 Na6 42. Ke4 c5 43. g4 c4 44. bxc4 b4 45. Bd4 b3 46. Bc3 Nb4 47.
Bb2 Kd6 48. gxh5 gxh5 49. f4 Ke6 50. f5+ Kf7 51. c5 Ke7 52. f6+ Kf7 53. Kd4
Nc6+ 54. Kd5 Nxa5 55. c6 Ke8 56. c7 Kd7 57. f7 Nc6 58. c8=Q+ 1-0

[Event "Madrid-ch 2018-2019 - Previa A"]
[Site "Madrid ESP"]
[Date "2019.02.05"]
[Round "3.1"]
[White "Garcia Diez, Mariano"]
[Black "Estevez Sacristan, Deva"]
[Result "1-0"]
[WhiteElo "1863"]
[BlackElo "1952"]
[PlyCount "103"]
[EventDate "2019.02.04"]
[EventType "swiss"]
[EventRounds "9"]
[EventCountry "ESP"]
[SourceTitle "Ajedrez en Madrid"]
[Source "lmi"]
[SourceDate "2019.02.04"]
[SourceVersion "1"]
[SourceVersionDate "2019.02.22"]
[SourceQuality "1"]

1. Nf3 d5 2. g3 Nf6 3. Bg2 c6 4. O-O e6 5. d3 Bd6 6. Nbd2 O-O 7. e4 Nbd7 8. b3
e5 9. exd5 Nxd5 10. Nc4 Bc7 11. Ba3 Re8 12. Re1 f6 13. Nd6 Bxd6 14. Bxd6 Nf8
15. Bxf8 Rxf8 16. Qd2 c5 17. a4 Rb8 18. h4 Bg4 19. Nh2 Bh5 20. Nf1 Nc7 21. Ne3
Bf7 22. Qa5 Na6 23. Nc4 Qe7 24. Qc3 Nb4 25. f4 Nd5 26. Qd2 Qd7 27. fxe5 f5 28.
Nd6 Be6 29. d4 cxd4 30. Qxd4 Ne7 31. c4 Nc6 32. Qc5 Nd8 33. Rad1 b6 34. Qb5 Qe7
35. Bd5 f4 36. Rf1 fxg3 37. Rxf8+ Kxf8 38. Rf1+ Kg8 39. Bxe6+ Nxe6 40. Qd5 Rf8
41. Rxf8+ Kxf8 42. Qa8+ Nd8 43. Qf3+ Nf7 44. Nxf7 Qxf7 45. Qxg3 Ke7 46. Qg2 Ke6
47. Qd5+ Ke7 48. Qd6+ Ke8 49. Qb8+ Ke7 50. Qxa7+ Ke6 51. Qxb6+ Kxe5 52. Qc5+
1-0

[Event "Madrid-ch 2018-2019 - Previa A"]
[Site "Madrid ESP"]
[Date "2019.02.05"]
[Round "3.2"]
[White "Bello Burguet, Glenier Lazaro"]
[Black "De Luna Butz, Alberto"]
[Result "1-0"]
[WhiteElo "1934"]
[BlackElo "1813"]
[PlyCount "77"]
[EventDate "2019.02.04"]
[EventType "swiss"]
[EventRounds "9"]
[EventCountry "ESP"]
[SourceTitle "Ajedrez en Madrid"]
[Source "lmi"]
[SourceDate "2019.02.04"]
[SourceVersion "1"]
[SourceVersionDate "2019.02.22"]
[SourceQuality "1"]

1. Nf3 d5 2. c4 c6 3. e3 Nf6 4. b3 Bg4 5. Be2 e6 6. Bb2 Bd6 7. O-O O-O 8. d3
Nbd7 9. Nbd2 Qe7 10. h3 Bh5 11. cxd5 cxd5 12. Rc1 Rac8 13. Rc2 Ba3 14. Bxa3
Qxa3 15. Qc1 Qxc1 16. Rfxc1 Rxc2 17. Rxc2 Nb6 18. g4 Bg6 19. g5 Ne8 20. a4 Nd6
21. a5 Rc8 22. Rxc8+ Nbxc8 23. Ne5 Bf5 24. h4 f6 25. gxf6 gxf6 26. Nd7 Kf7 27.
Nc5 b6 28. axb6 axb6 29. Na6 e5 30. Nb4 d4 31. exd4 exd4 32. Nc6 Nb5 33. Nf3
Bg4 34. Nfxd4 Bxe2 35. Nxe2 Ke6 36. Kg2 Kd5 37. Nb4+ Ke5 38. Kg3 Nd4 39. f4+
1-0

[Event "Madrid-ch 2018-2019 - Previa A"]
[Site "Madrid ESP"]
[Date "2019.02.05"]
[Round "3.3"]
[White "Garcia Galeote, Lorenzo"]
[Black "Esteban Amo, Jose M"]
[Result "1-0"]
[WhiteElo "1855"]
[BlackElo "1918"]
[PlyCount "119"]
[EventDate "2019.02.04"]
[EventType "swiss"]
[EventRounds "9"]
[EventCountry "ESP"]
[SourceTitle "Ajedrez en Madrid"]
[Source "lmi"]
[SourceDate "2019.02.04"]
[SourceVersion "1"]
[SourceVersionDate "2019.02.22"]
[SourceQuality "1"]

1. d4 f5 2. Nf3 Nf6 3. Bf4 g6 4. Nc3 Bg7 5. Qd2 O-O 6. Bh6 d6 7. Bxg7 Kxg7 8.
h4 Nbd7 9. Ng5 Nb6 10. e3 h6 11. Nh3 e5 12. O-O-O Qe7 13. dxe5 dxe5 14. f3 Be6
15. Qf2 Qc5 16. e4 Qxf2 17. Nxf2 f4 18. b3 c6 19. Be2 Rfd8 20. Nd3 Nfd7 21. Rd2
Kf6 22. Rhd1 Ke7 23. Nb2 Nf8 24. Nca4 Rxd2 25. Rxd2 Nxa4 26. Nxa4 b6 27. Nb2
Rd8 28. Nd3 Kf6 29. a4 Bf7 30. Nxe5 Rxd2 31. Ng4+ Ke7 32. Kxd2 h5 33. Ne5 Be8
34. Bc4 Kf6 35. Nd3 g5 36. Ke2 Ng6 37. hxg5+ Kxg5 38. Be6 h4 39. Bf5 Ne7 40.
Bg4 Ng6 41. Kd2 c5 42. a5 Bf7 43. c4 Kf6 44. axb6 axb6 45. Bh5 Kg5 46. Bxg6
Bxg6 47. Nf2 Kf6 48. Kc3 Bh5 49. b4 cxb4+ 50. Kxb4 Be8 51. Kc3 Ba4 52. Kd4 b5
53. Nh3 bxc4 54. Nxf4 Bb5 55. Nd5+ Kf7 56. Ne3 c3 57. Kxc3 Be2 58. f4 Kg6 59.
Kd2 Bh5 60. Nf5 1-0

[Event "Madrid-ch 2018-2019 - Previa A"]
[Site "Madrid ESP"]
[Date "2019.02.05"]
[Round "3.4"]
[White "Cabañas Bravo, Juan Andres"]
[Black "Rodriguez Garcia, Alberto"]
[Result "1-0"]
[WhiteElo "1916"]
[BlackElo "1792"]
[PlyCount "52"]
[EventDate "2019.02.04"]
[EventType "swiss"]
[EventRounds "9"]
[EventCountry "ESP"]
[SourceTitle "Ajedrez en Madrid"]
[Source "lmi"]
[SourceDate "2019.02.04"]
[SourceVersion "1"]
[SourceVersionDate "2019.02.22"]
[SourceQuality "1"]

1. e4 c5 2. Nf3 d6 3. d4 cxd4 4. Nxd4 Nf6 5. Nc3 a6 6. Bg5 e6 7. f4 Qc7 8. Qf3
b5 9. Bxf6 gxf6 10. O-O-O b4 11. Nce2 Nd7 12. Ng3 Bb7 13. Qh5 Nc5 14. Bd3 O-O-O
15. Kb1 Kb8 16. Rhe1 Bg7 17. f5 d5 18. Nb3 Nxe4 19. Nxe4 dxe4 20. Bxe4 Rxd1+
21. Qxd1 Rd8 22. Qf3 exf5 23. Bxb7 Qxb7 24. Qf4+ Ka8 25. Qxf5 Qxg2 26. Qa5 Qb7
1-0

[Event "Madrid-ch 2018-2019 - Previa A"]
[Site "Madrid ESP"]
[Date "2019.02.05"]
[Round "3.5"]
[White "Chidichimo, Pedro Jose Maria"]
[Black "Vazquez Gonzalez, Jesus"]
[Result "1-0"]
[WhiteElo "1769"]
[BlackElo "1916"]
[PlyCount "83"]
[EventDate "2019.02.04"]
[EventType "swiss"]
[EventRounds "9"]
[EventCountry "ESP"]
[SourceTitle "Ajedrez en Madrid"]
[Source "lmi"]
[SourceDate "2019.02.04"]
[SourceVersion "1"]
[SourceVersionDate "2019.02.22"]
[SourceQuality "1"]

1. e4 e5 2. Nf3 Nc6 3. Bb5 g6 4. O-O Bg7 5. d3 Nge7 6. c3 O-O 7. Bg5 f6 8. Bh4
a6 9. Ba4 b5 10. Bb3+ Kh8 11. a4 Bb7 12. Nbd2 d5 13. Qe2 Na5 14. Bc2 g5 15. Bg3
Ng6 16. Rfd1 c5 17. axb5 axb5 18. d4 g4 19. Nh4 Nxh4 20. Bxh4 cxd4 21. cxd4 Qd7
22. dxe5 fxe5 23. exd5 Bxd5 24. b4 Nc4 25. Rxa8 Rxa8 26. Nxc4 bxc4 27. Be4 c3
28. Bxd5 Rb8 29. Bb3 Qf5 30. Bc2 Qf4 31. Qd3 Qh6 32. Bg3 Rc8 33. b5 Bf6 34. b6
Qg7 35. Qd7 Rb8 36. b7 Qg8 37. Ra1 Bg7 38. Qc7 Re8 39. Qc5 e4 40. Bc7 e3 41.
fxe3 Qe6 42. Re1 1-0

[Event "Madrid-ch 2018-2019 - Previa A"]
[Site "Madrid ESP"]
[Date "2019.02.05"]
[Round "3.6"]
[White "Gueler Berdasco, Martin"]
[Black "Jimenez Gonzalez, Marcos"]
[Result "1/2-1/2"]
[WhiteElo "1904"]
[BlackElo "1757"]
[PlyCount "31"]
[EventDate "2019.02.04"]
[EventType "swiss"]
[EventRounds "9"]
[EventCountry "ESP"]
[SourceTitle "Ajedrez en Madrid"]
[Source "lmi"]
[SourceDate "2019.02.04"]
[SourceVersion "1"]
[SourceVersionDate "2019.02.22"]
[SourceQuality "1"]

1. c4 e6 2. g3 d5 3. Bg2 c5 4. cxd5 exd5 5. d4 Nf6 6. Nf3 Nc6 7. O-O Be7 8.
Nbd2 O-O 9. dxc5 Bxc5 10. Nb3 Bb6 11. Nbd4 Re8 12. e3 Bg4 13. b3 Nxd4 14. exd4
Rc8 15. Bb2 h6 16. Qd3 1/2-1/2

[Event "Madrid-ch 2018-2019 - Previa A"]
[Site "Madrid ESP"]
[Date "2019.02.05"]
[Round "3.8"]
[White "Martin Vazquez, Jose Luis"]
[Black "Vazquez Gonzalez, Francisco"]
[Result "0-1"]
[WhiteElo "1832"]
[BlackElo "1931"]
[PlyCount "58"]
[EventDate "2019.02.04"]
[EventType "swiss"]
[EventRounds "9"]
[EventCountry "ESP"]
[SourceTitle "Ajedrez en Madrid"]
[Source "lmi"]
[SourceDate "2019.02.04"]
[SourceVersion "1"]
[SourceVersionDate "2019.02.22"]
[SourceQuality "1"]

1. e4 e5 2. Nf3 Nc6 3. d4 exd4 4. Nxd4 Bc5 5. Be3 Qf6 6. Nb5 Bxe3 7. fxe3 Qh4+
8. g3 Qxe4 9. Nxc7+ Kd8 10. Nxa8 Qxh1 11. Qd6 Nf6 12. Nd2 Ne8 13. Qf4 Qxh2 14.
O-O-O Qh6 15. Ne4 Qxf4 16. exf4 h6 17. Bb5 f5 18. Nc3 d6 19. Nd5 Be6 20. c4 Kc8
21. Re1 Bd7 22. Ne7+ Nxe7 23. Rxe7 Bxb5 24. cxb5 Kb8 25. Rd7 Nf6 26. Rxg7 Kxa8
27. Rf7 Ne4 28. Rxf5 Nxg3 29. Rf6 h5 0-1

[Event "Madrid-ch 2018-2019 - Previa A"]
[Site "Madrid ESP"]
[Date "2019.02.05"]
[Round "3.9"]
[White "Lopez Heras, Arturo"]
[Black "Lizon Martinez, Santiago"]
[Result "1-0"]
[WhiteElo "1868"]
[BlackElo "1663"]
[PlyCount "89"]
[EventDate "2019.02.04"]
[EventType "swiss"]
[EventRounds "9"]
[EventCountry "ESP"]
[SourceTitle "Ajedrez en Madrid"]
[Source "lmi"]
[SourceDate "2019.02.04"]
[SourceVersion "1"]
[SourceVersionDate "2019.02.22"]
[SourceQuality "1"]

1. d4 Nf6 2. Nf3 e6 3. c4 b6 4. g3 Bb7 5. Bg2 Bb4+ 6. Bd2 Bxd2+ 7. Nbxd2 d6 8.
O-O Nbd7 9. Re1 O-O 10. e4 e5 11. Qc2 Qe7 12. d5 a5 13. a3 a4 14. Nb1 Nc5 15.
Nc3 Qd7 16. Rad1 Ba6 17. Nd2 Rfe8 18. b4 axb3 19. Nxb3 Bxc4 20. Nxc5 bxc5 21.
a4 Reb8 22. Rb1 c6 23. Rxb8+ Rxb8 24. Rb1 Rb4 25. dxc6 Qxc6 26. Nd5 Nxd5 27.
exd5 Qb6 28. Ra1 Qa5 29. Qf5 g6 30. Qd7 Qb6 31. h4 Qa6 32. h5 Rb7 33. Qc8+ Kg7
34. Kh2 Rb4 35. h6+ Kxh6 36. Qf8+ Kg5 37. Qxf7 Qb7 38. f4+ Kh6 39. Qf8+ Qg7 40.
Qxd6 exf4 41. Qxf4+ g5 42. Qd6+ Qg6 43. Qxc5 Qh5+ 44. Kg1 Rxa4 45. Qc6+ 1-0

[Event "Madrid-ch 2018-2019 - Previa A"]
[Site "Madrid ESP"]
[Date "2019.02.05"]
[Round "3.10"]
[White "Lopez Orellana, Federico"]
[Black "De Vicente Guijarro, Juan"]
[Result "1-0"]
[WhiteElo "1732"]
[BlackElo "1867"]
[PlyCount "83"]
[EventDate "2019.02.04"]
[EventType "swiss"]
[EventRounds "9"]
[EventCountry "ESP"]
[SourceTitle "Ajedrez en Madrid"]
[Source "lmi"]
[SourceDate "2019.02.04"]
[SourceVersion "1"]
[SourceVersionDate "2019.02.22"]
[SourceQuality "1"]

1. d4 d5 2. Bf4 Nf6 3. e3 g6 4. Be2 Bg7 5. h3 O-O 6. Nf3 c5 7. c3 Nc6 8. O-O b6
9. Nbd2 Bb7 10. Ne5 Nxe5 11. Bxe5 Nd7 12. Bxg7 Kxg7 13. f4 Qc7 14. Qe1 Rae8 15.
Qh4 f6 16. f5 e5 17. Bb5 a6 18. Bxd7 Qxd7 19. Rae1 Qb5 20. Nf3 exd4 21. fxg6
hxg6 22. exd4 Qd7 23. Qg3 Bc8 24. Nh4 Qf7 25. Qd6 cxd4 26. cxd4 b5 27. Nf3 Re4
28. Ng5 Qe8 29. Nxe4 dxe4 30. Rc1 Rf7 31. Rc7 Bd7 32. Re1 e3 33. Qg3 Re7 34.
Re2 f5 35. Rc3 Bc6 36. Rexe3 Be4 37. Rc7 Qf7 38. Rxe7 Qxe7 39. Rc3 Qb4 40. Qe5+
Kh6 41. Qh8+ Kg5 42. Rg3+ 1-0

[Event "Madrid-ch 2018-2019 - Previa A"]
[Site "Madrid ESP"]
[Date "2019.02.05"]
[Round "3.11"]
[White "Viñas Lopez, Carlos"]
[Black "Fernandez Garcia, Ignacio"]
[Result "1-0"]
[WhiteElo "1942"]
[BlackElo "1744"]
[PlyCount "77"]
[EventDate "2019.02.04"]
[EventType "swiss"]
[EventRounds "9"]
[EventCountry "ESP"]
[SourceTitle "Ajedrez en Madrid"]
[Source "lmi"]
[SourceDate "2019.02.04"]
[SourceVersion "1"]
[SourceVersionDate "2019.02.22"]
[SourceQuality "1"]

1. d4 e6 2. Bf4 d5 3. e3 Bd6 4. Bg3 Nf6 5. Nd2 Nbd7 6. Ngf3 Ne4 7. Nxe4 dxe4 8.
Nd2 f5 9. Nc4 Nf6 10. Be2 O-O 11. Qd2 Nd5 12. Nxd6 cxd6 13. c4 Nf6 14. Qb4 d5
15. c5 Rf7 16. O-O g5 17. Rac1 h5 18. Be5 Nd7 19. Bd6 g4 20. Qc3 Nf8 21. b4 Ng6
22. a4 f4 23. exf4 Nxf4 24. Qe3 Nxe2+ 25. Qxe2 b6 26. Be5 bxc5 27. Rxc5 Bd7 28.
Qd2 Kh7 29. b5 Kg6 30. Rfc1 h4 31. Rc7 Qf8 32. Rb7 h3 33. Rcc7 Qa3 34. Qd1 Kh5
35. gxh3 Qxh3 36. Rxd7 Rxd7 37. Rxd7 Kg6 38. Rg7+ Kf5 39. Qd2 1-0

[Event "Madrid-ch 2018-2019 - Previa A"]
[Site "Madrid ESP"]
[Date "2019.02.05"]
[Round "3.12"]
[White "Cano Mercado, Francisco Manuel"]
[Black "Andrade Sandoval, Bianca"]
[Result "1/2-1/2"]
[WhiteElo "1739"]
[BlackElo "1981"]
[PlyCount "126"]
[EventDate "2019.02.04"]
[EventType "swiss"]
[EventRounds "9"]
[EventCountry "ESP"]
[SourceTitle "Ajedrez en Madrid"]
[Source "lmi"]
[SourceDate "2019.02.04"]
[SourceVersion "1"]
[SourceVersionDate "2019.02.22"]
[SourceQuality "1"]

1. d4 d5 2. Nf3 Bf5 3. Nc3 e6 4. Bf4 Bd6 5. Bg3 Nf6 6. e3 Nbd7 7. Bxd6 cxd6 8.
Bd3 Ne4 9. O-O O-O 10. Nd2 Ndf6 11. Ne2 e5 12. Bxe4 Nxe4 13. Ng3 Nxg3 14. fxg3
Qg5 15. Nf3 Qxe3+ 16. Kh1 Be4 17. Re1 Bxf3 18. gxf3 Qxd4 19. Qxd4 exd4 20. Red1
Rac8 21. Rac1 Rc4 22. b3 Rc3 23. Rxd4 Rxf3 24. Rxd5 Rf6 25. Rcd1 Rd8 26. c4 Kf8
27. R1d2 b6 28. c5 bxc5 29. Rxc5 Ke7 30. Ra5 Rd7 31. Kg2 Rc7 32. b4 Re6 33. Kf2
Re5 34. Ra6 d5 35. a4 Rd7 36. Rd4 f5 37. Ra5 Kf6 38. Rc5 a6 39. b5 axb5 40.
axb5 Rd6 41. h4 Ke6 42. Rc7 Kf6 43. Rc5 h6 44. Kf3 g5 45. hxg5+ hxg5 46. Kf2
Ke6 47. Kf3 Re4 48. Rd3 Rb4 49. Re3+ Kf6 50. Rd3 d4 51. g4 fxg4+ 52. Kxg4 Re6
53. Rf5+ Ke7 54. Kxg5 Kd6 55. Kf4 Rh6 56. Kf3 Rh3+ 57. Ke4 Rh4+ 58. Kf3 Rb2 59.
Rf4 Rh3+ 60. Ke4 Rxd3 61. Kxd3 Rxb5 62. Rxd4+ Rd5 63. Rxd5+ Kxd5 1/2-1/2

[Event "Madrid-ch 2018-2019 - Previa A"]
[Site "Madrid ESP"]
[Date "2019.02.05"]
[Round "3.14"]
[White "Alvarez Abejon, Amilcar"]
[Black "Caamaño Jimenez, Luis"]
[Result "1-0"]
[WhiteElo "1919"]
[BlackElo "1709"]
[PlyCount "65"]
[EventDate "2019.02.04"]
[EventType "swiss"]
[EventRounds "9"]
[EventCountry "ESP"]
[SourceTitle "Ajedrez en Madrid"]
[Source "lmi"]
[SourceDate "2019.02.04"]
[SourceVersion "1"]
[SourceVersionDate "2019.02.22"]
[SourceQuality "1"]

1. d4 d6 2. Bf4 Nf6 3. Nc3 Nbd7 4. Nf3 g6 5. e4 Bg7 6. Qd2 b6 7. Bh6 Bxh6 8.
Qxh6 e5 9. dxe5 dxe5 10. Bb5 Qe7 11. Rd1 Bb7 12. Qg5 c6 13. Bc4 O-O-O 14. O-O
h6 15. Qe3 Ng4 16. Qe2 f5 17. a4 Ngf6 18. Nh4 Qg7 19. exf5 gxf5 20. Nxf5 Qg5
21. Nd6+ Kb8 22. Nf7 Qg7 23. Nxd8 Rxd8 24. Ba6 Rg8 25. g3 Ba8 26. Qd2 Nd5 27.
f4 h5 28. Nxd5 cxd5 29. fxe5 h4 30. e6 hxg3 31. Qf4+ Ne5 32. hxg3 Qc7 33. Qf8+
1-0

[Event "Madrid-ch 2018-2019 - Previa A"]
[Site "Madrid ESP"]
[Date "2019.02.05"]
[Round "3.15"]
[White "Martinez Miura, Enrique"]
[Black "Ruiz Quevedo, Andres"]
[Result "0-1"]
[WhiteElo "1673"]
[BlackElo "1896"]
[PlyCount "102"]
[EventDate "2019.02.04"]
[EventType "swiss"]
[EventRounds "9"]
[EventCountry "ESP"]
[SourceTitle "Ajedrez en Madrid"]
[Source "lmi"]
[SourceDate "2019.02.04"]
[SourceVersion "1"]
[SourceVersionDate "2019.02.22"]
[SourceQuality "1"]

1. e4 c5 2. Nf3 d6 3. d4 cxd4 4. Nxd4 Nf6 5. Nc3 a6 6. Be2 e5 7. Nf3 Be6 8. O-O
Nbd7 9. Ng5 Rc8 10. Nxe6 fxe6 11. Bg5 Be7 12. Bh5+ g6 13. Bxf6 Nxf6 14. Bf3 O-O
15. Qd2 b5 16. a3 Rc4 17. Rad1 Qc7 18. Qh6 b4 19. axb4 Rxb4 20. Rb1 Rfb8 21.
Qc1 Qb6 22. Nd1 Qb7 23. c3 Rb3 24. Re1 Nd7 25. Qh6 Nc5 26. h4 Rf8 27. Ra1 Nd3
28. Re2 Rf7 29. h5 Nf4 30. Rd2 Qb6 31. hxg6 Nxg6 32. Bh5 Rg7 33. Bxg6 Rxg6 34.
Qh3 Qc6 35. Qd3 Rb5 36. b4 d5 37. exd5 exd5 38. f3 Bg5 39. Rda2 e4 40. fxe4
dxe4 41. Qd4 Bf6 42. Qa7 Rxg2+ 43. Kxg2 e3+ 44. Kf1 Qc4+ 45. Ke1 Bh4+ 46. Nf2
exf2+ 47. Rxf2 Qxc3+ 48. Ke2 Re5+ 49. Kf1 Qxa1+ 50. Kg2 Bxf2 51. Qa8+ Kg7 0-1

[Event "Madrid-ch 2018-2019 - Previa A"]
[Site "Madrid ESP"]
[Date "2019.02.05"]
[Round "3.16"]
[White "Garcia Prados, David"]
[Black "Barahona Torrijos, Angel"]
[Result "0-1"]
[WhiteElo "1880"]
[BlackElo "1714"]
[PlyCount "40"]
[EventDate "2019.02.04"]
[EventType "swiss"]
[EventRounds "9"]
[EventCountry "ESP"]
[SourceTitle "Ajedrez en Madrid"]
[Source "lmi"]
[SourceDate "2019.02.04"]
[SourceVersion "1"]
[SourceVersionDate "2019.02.22"]
[SourceQuality "1"]

1. e4 e5 2. Nf3 Nc6 3. Bb5 Nd4 4. Nxd4 exd4 5. Be2 d5 6. exd5 Qxd5 7. O-O Be6
8. Bf3 Qb5 9. a4 Qa6 10. d3 Nf6 11. Bf4 O-O-O 12. Nd2 Nd5 13. Bg3 f5 14. Re1 g5
15. Be5 Rg8 16. Bxd4 g4 17. Be2 Bh6 18. Nb3 Nf4 19. Nc5 Qc6 20. Nxe6 Qxg2# 0-1

[Event "Madrid-ch 2018-2019 - Previa A"]
[Site "Madrid ESP"]
[Date "2019.02.05"]
[Round "3.17"]
[White "Bellagamba, Pascal"]
[Black "Fernandez Aransay, Fernando"]
[Result "0-1"]
[WhiteElo "1649"]
[BlackElo "1869"]
[PlyCount "122"]
[EventDate "2019.02.04"]
[EventType "swiss"]
[EventRounds "9"]
[EventCountry "ESP"]
[SourceTitle "Ajedrez en Madrid"]
[Source "lmi"]
[SourceDate "2019.02.04"]
[SourceVersion "1"]
[SourceVersionDate "2019.02.22"]
[SourceQuality "1"]

1. e4 c5 2. Nc3 d6 3. g3 g6 4. Bg2 Bg7 5. d3 Nf6 6. Nge2 O-O 7. O-O Nc6 8. h3
Nd4 9. Nxd4 cxd4 10. Ne2 Qb6 11. b3 Be6 12. Bb2 Nd7 13. Qd2 Rac8 14. Rac1 Rfe8
15. f4 Nc5 16. Ba1 Na6 17. a3 Nc7 18. Kh2 Nb5 19. a4 Nc3 20. Bxc3 dxc3 21. Qe1
Bd7 22. Qf2 Qxf2 23. Rxf2 h5 24. Rd1 a5 25. Ra1 b6 26. Rff1 e6 27. Rfd1 Bc6 28.
d4 Bb7 29. e5 Bxg2 30. Kxg2 dxe5 31. dxe5 Red8 32. Rac1 Rd2 33. Kf3 Bf8 34. g4
hxg4+ 35. hxg4 Ba3 36. Rxd2 cxd2 37. Rd1 Rxc2 38. Ke3 Bb4 39. Kd3 Rc5 40. Ke3
Kg7 41. g5 Rc8 42. Ke4 Kf8 43. Ke3 Ke7 44. Ke4 Rc2 45. Kd3 Rc8 46. Ke3 Rh8 47.
Kd3 Rh3+ 48. Kc2 Re3 49. Nd4 Kd7 50. Nb5 Rf3 51. Nd6 Rxf4 52. Nc4 Kc6 53. Nxd2
Rf2 54. Kd3 Rxd2+ 55. Rxd2 Bxd2 56. Kxd2 Kd5 57. Kc3 Kxe5 58. b4 Kd5 59. bxa5
bxa5 60. Kd3 e5 61. Ke3 e4 0-1

[Event "Madrid-ch 2018-2019 - Previa A"]
[Site "Madrid ESP"]
[Date "2019.02.05"]
[Round "3.18"]
[White "Rueda Maria, Ramiro"]
[Black "De La Fuente Ebro, Miguel"]
[Result "1/2-1/2"]
[WhiteElo "1820"]
[BlackElo "1689"]
[PlyCount "32"]
[EventDate "2019.02.04"]
[EventType "swiss"]
[EventRounds "9"]
[EventCountry "ESP"]
[SourceTitle "Ajedrez en Madrid"]
[Source "lmi"]
[SourceDate "2019.02.04"]
[SourceVersion "1"]
[SourceVersionDate "2019.02.22"]
[SourceQuality "1"]

1. e4 e6 2. d4 d5 3. exd5 exd5 4. Bd3 Nf6 5. Ne2 Be7 6. O-O O-O 7. Bf4 Bg4 8.
h3 Bh5 9. Re1 Nc6 10. c3 Re8 11. Nd2 Bd6 12. Bxd6 Qxd6 13. Qc2 Bg6 14. Ng3 Bxd3
15. Qxd3 g6 16. Nf3 a6 1/2-1/2